Constructive drinking : perspectives on drink from anthropology
Αποθηκεύτηκε σε:
| Άλλοι συγγραφείς: | |
|---|---|
| Μορφή: | Βιβλίο |
| Γλώσσα: | English |
| Δημοσίευση: |
Cambridge :
Cambridge University Press,
1987
|
| Θέματα: | |
| Ετικέτες: |
Προσθήκη ετικέτας
Δεν υπάρχουν, Καταχωρήστε ετικέτα πρώτοι!
|
MARC
| LEADER | 00000nam a2200000 i 4500 | ||
|---|---|---|---|
| 001 | 1/5789 | ||
| 008 | 960614s1987 eng d | ||
| 020 | |a 0-521-33504-3 | ||
| 035 | |l 10016130 | ||
| 040 | |a GR-MY-UA |b gre |e aacr | ||
| 041 | 0 | |a eng | |
| 082 | 0 | |a 394.13 | |
| 245 | 1 | 0 | |a Constructive drinking : |b perspectives on drink from anthropology / |c Edited by Mary Douglas |
| 260 | |a Cambridge : |b Cambridge University Press, |c 1987 | ||
| 300 | |a 291 p. | ||
| 500 | |a "Sponsored by the International Commission on the Anthropology of Food" | ||
| 504 | |a Includes index | ||
| 650 | 0 | 0 | |a Drinking of alcoholic beverages |x Cross-cultural studies. |
| 650 | 0 | 0 | |a Drinking customs |x Cross-cultural studies. |
| 650 | 0 | 0 | |a Alcoholism |x Cross-cultural studies. |
| 700 | 1 | |a Douglas, Mary, |d 1921-2007. | |
| 852 | |a INST |b LESVOS |e 19960614 |h 394.13 CON |p 005100004039 |q 005100004039 |t BK |y 0 | ||
| 909 | |a Λ |b 012063 | ||